| 000 | 00997nam a2200241 4500 | ||
|---|---|---|---|
| 001 | 136636 | ||
| 003 | ES-MaACL | ||
| 005 | 20230906195204.0 | ||
| 007 | t| | ||
| 008 | 070214s1911 fr r ||||1| fre d | ||
| 100 | 1 |
_aRuville, A. de. _9101081 |
|
| 245 | 1 | 3 |
_aLa restauration de l'empire allemand _b: le rôle de la Bavière / _cpar A. de Ruville ; traduit de l'allemand par M. Pierre Albin ; avec une introduction sur Les papiers de Cerçay et les secrets des correspondances diplomatiques par M. Joseph Reinach. |
| 260 |
_aParis : _bF. Alcan, _c1911. |
||
| 300 |
_aXXXII, 327 p. ; _c23 x 14 cm. |
||
| 490 | 1 | _aBibliotheque de histoire contemporaine | |
| 651 | 4 |
_aAlemania- _xHistoria- _y1848-1870. _9153061 |
|
| 700 | 1 |
_aAlbin, Pierre. _919381 |
|
| 700 | 1 |
_aReinach, Joseph. _996038 |
|
| 740 | 4 | 2 | _aLes papiers de Cerçay et les secrets des correspondances diplomatiques. |
| 830 | 1 |
_aBibliotheque de histoire contemporaine _9187163 |
|
| 852 |
_aES-MaACL _jG-7203 |
||
| 999 |
_c136636 _d136636 |
||